000
00319nam a22001337a 4500
008
250313b |||||||| |||| 00| 0 eng d
020
_a
0199200769
050
_a
HD59
_b
.C44
100
_a
CHENERY, Hollis
245
_a
Patterns
260
_a
New York
_b
Oxford University Press
_c
1975
300
_a
xiv, 234p.
942
_c
BK
999
_c
2308
_d
2308